| 000 | 00615nam a2200205 a 4500 | ||
|---|---|---|---|
| 005 | 20220526063922.0 | ||
| 008 | 991125s1992 mx 000 0 spa u | ||
| 020 | _a9681842693 | ||
| 035 | _aUPN01000000329 | ||
| 049 | _aLT | ||
| 050 | 4 |
_aLB1651 M6.1 _bC3.3 |
|
| 100 | 1 | _aCano, Gerónimo | |
| 245 | 1 | 0 |
_aBiología 1 / _cGerónimo Cano, Roberto Cantú. |
| 260 |
_aMéxico : _bLimusa, _c1992. |
||
| 300 |
_a216 p. : _bil. col. |
||
| 500 | _a"Enseñanza media básica. Modernización educativa" | ||
| 650 | 4 |
_aBiología _xEstudio y enseñanza (Secundaria) _94532 |
|
| 700 | 1 |
_aCantú, Roberto, _ecoaut. |
|
| 905 | _aLibro | ||
| 999 |
_c329 _d329 |
||